UBT Library

REAL WORLD GLOBALIZATION (Record no. 59746)

000 -LEADER
fixed length control field 00335nam a22001457a 4500
008 - FIXED-LENGTH DATA ELEMENTS--GENERAL INFORMATION
fixed length control field 230516b ||||| |||| 00| 0 eng d
020 ## - INTERNATIONAL STANDARD BOOK NUMBER
International Standard Book Number 9781939402219
041 ## - LANGUAGE CODE
Language code of text/sound track or separate title eng
080 ## - UNIVERSAL DECIMAL CLASSIFICATION NUMBER
Edition identifier 14TH EDITION
Universal Decimal Classification number 530
082 ## - DEWEY DECIMAL CLASSIFICATION NUMBER
Classification number 530EIC
100 ## - Rafti
Rafti 24
101 ## - Shkurtesa
Shkurtesa KAPITA
245 ## - TITLE STATEMENT
Title REAL WORLD GLOBALIZATION
Statement of responsibility, etc EICHACKER.N
942 ## - ADDED ENTRY ELEMENTS (KOHA)
Source of classification or shelving scheme
Item type Books
Holdings
Withdrawn status Lost status Source of classification or shelving scheme Damaged status Not for loan Collection code Permanent location Current location Date acquired Total Checkouts Full call number Barcode Date last seen Price effective from Koha item type
          Koleksioni i përgjithshem UBT - Lipjan UBT - Lipjan 05/16/2023   530EIC 002-800080249 05/16/2023 05/16/2023 Books
          Koleksioni i përgjithshem UBT - Lipjan UBT - Lipjan 05/16/2023   530EIC 002-800080250 05/16/2023 05/16/2023 Books
          Koleksioni i përgjithshem UBT - Lipjan UBT - Lipjan 05/16/2023   530EIC 002-800080251 05/16/2023 05/16/2023 Books
          Koleksioni i përgjithshem UBT - Lipjan UBT - Lipjan 05/16/2023   530EIC 002-800080252 05/16/2023 05/16/2023 Books
UBT Library © 2015-2024. All rights reserved University Education for Business and Technology